000 00679nam a22002177a 4500
999 _c9217
_d9217
003 AR-CdUCM
008 190327b ||||| |||| 00| 0 spa d
040 _aMUNICIPALIDAD PROVINCIAL DEL CUSCO
_cBIBLIOTECA MUNICIPAL DEL CUSCO
082 _21ed.
_a869.56 /
_bC36
100 _aCateriano, Pedro
_925285
245 _aEl de mente Imperturbable /
260 _aLima :
_bMosca Azul Editores,
_c1982.
300 _a156 paginas ;
_bilustraciones, dibujos
_c21 cm.
500 _aDonación de la Familia Nieto Dedicatoria a Luis NIeto
650 _aPoesia
_91598
650 _aLiteratura
_983
650 _aMente
_916746
650 _aPerú
_935
942 _2ddc
_cLIBROS
945 _apjha